Normal view
MARC view
Entry Personal Name
001 - CONTROL NUMBER
- control field: 27677
003 - CONTROL NUMBER IDENTIFIER
- control field: ARRUPE
005 - DATE AND TIME OF LATEST TRANSACTION
- control field: 20161129111617.0
008 - FIXED-LENGTH DATA ELEMENTS
- fixed length control field: 161129|| aca||aabn | a|a d
040 ## - CATALOGING SOURCE
- Original cataloging agency: ARRUPE
- Transcribing agency: ARRUPE
100 ## - HEADING--PERSONAL NAME
- Personal name: Jones, Henry,
- Titles and other words associated with a name: Sir,
- Dates associated with a name: 1852-1922.
670 ## - SOURCE DATA FOUND
- Source citation: Work cat.: (ARRUPE)0: Jones, Henry, Sir, 1852-1922., The life and philosophy of Edward Caird ...